000 00606nam a2200205Ia 4500
003 GCL
008 140319s9999 xx 000 0 ara d
040 _aGCL /
_cGCL
082 0 4 _a812.043
_bن م
100 1 _aنجيب سرور
245 1 0 _aملك الشحاتين (هدية من الآديب عبدالفتاح الجمل) /
_cنجيب سرور
300 _a155
490 _a
650 0 4 _aالادب العربى
650 0 4 _aالعصر الحديث
650 0 4 _aالمسرحيات
650 0 4 _aالمسرح العربى
650 0 4 _aالمسرحيات العربية
942 _2ddc
_cBK
999 _c40287
_d40287